Central Library OPAC University of Rajshahi

Dealing with the firm of Dombey and son / (Record no. 20127)

MARC details
000 -LEADER
fixed length control field 00951cam a2200301u 4500
001 - CONTROL NUMBER
control field 20127
003 - CONTROL NUMBER IDENTIFIER
rucl marc code BD-RjUL
005 - DATE AND TIME OF LATEST TRANSACTION
control field 20211209000526.0
008 - FIXED-LENGTH DATA ELEMENTS--GENERAL INFORMATION
fixed length control field 140226r19531848xx 000 0 eng
035 ## - SYSTEM CONTROL NUMBER
System control number (BD-RjUL)20189
040 ## - CATALOGING SOURCE
Original cataloging agency DLC
Transcribing agency CarP
Modifying agency DLC
-- BD-RjUL
Language of cataloging eng
041 ## - LANGUAGE CODE
Language code of text/sound track or separate title eng
082 ## - DEWEY DECIMAL CLASSIFICATION NUMBER
Classification number 823
Author mark and year DID
100 1# - MAIN ENTRY--PERSONAL NAME
Personal name Dickens, Charles,
Dates associated with a name 1812-1870.
9 (RLIN) 62011
245 10 - TITLE STATEMENT
Title Dealing with the firm of Dombey and son /
260 ## - PUBLICATION, DISTRIBUTION, ETC. (IMPRINT)
Place of publication, distribution, etc. Bost :
Name of publisher, distributor, etc. Bradbury and Guild,
Date of publication, distribution, etc. 1848 [reprinted 1953]
300 ## - PHYSICAL DESCRIPTION
Pagination xxii, 856 p. ;
Size 22cm.
650 #0 - SUBJECT ADDED ENTRY--TOPICAL TERM
Topical term or geographic name as entry element Family-owned business enterprises
Form subdivision Fiction.
9 (RLIN) 62012
Topical term or geographic name as entry element Fathers and daughters
Form subdivision Fiction.
9 (RLIN) 42370
Topical term or geographic name as entry element Dysfunctional families
Form subdivision Fiction.
9 (RLIN) 62013
Topical term or geographic name as entry element Businesspeople
Form subdivision Fiction.
9 (RLIN) 62014
651 #0 - SUBJECT ADDED ENTRY--GEOGRAPHIC NAME
Geographic name England
Form subdivision Fiction.
9 (RLIN) 62015
942 ## - ADDED ENTRY ELEMENTS (KOHA)
Source of classification or shelving scheme Dewey Decimal Classification
Koha item type Books
Holdings
Lost status Source of classification or shelving scheme Damaged status Not for loan Collection code Permanent Location Current Location Shelving location Date acquired Source of acquisition Cost, normal purchase price Total Checkouts Full call number Date last seen Copy number Koha item type
  Dewey Decimal Classification   Not For Loan Fiction Central Library, University of Rajshahi Central Library, University of Rajshahi Reading Room 16/06/1955 Aligarh Library, cop. 7.00   823 DID 1953 26/02/2014 C-1 Books